000 00295nam a22001337a 4500
008 170301b xxu||||| |||| 00| 0 eng d
020 _a9781550092134
041 _aeng
080 _26 ED
_a616,8 006
100 _a6
101 _aSHM
245 _aCANCER MEDICINE
_cKUFE.D..W
942 _2udc
_cBK
999 _c6454
_d6454